000 00244nam a2200097Ia 4500
005 20251222114406.0
008 251222s1900||||xx |||||||||||||| ||spa||
082 _aDVD0092/L45M/2006
245 0 _aMons. Miguel Fitzgerald (1925 - 2006):
942 _cDVD
999 _c1824
_d1824